000 00868pam a22002654a 4500
001 13705984
003 OSt
005 20231026090839.0
008 021202s2002 enka 001 0 eng
010 _a 2004445092
020 _a0748761462
040 _aDLC
_cDLC
_dDLC
042 _apcc
082 0 4 _aW 20.5 P881r 2002
100 _4Edited by Rob, McSherry; Chris, Bassett.
245 0 0 _aPractice Development in the Clinical setting:
_ba guide to implementation
260 _aCheltenham;
_bNelson Thornes,
_c2002.
300 _axi, 132 p. :
_bill. ;
_c25 cm.
504 _aIncludes bibliographical references and index.
650 0 _aMedical skills
_99695
650 0 _aHealth services
_99697
906 _a7
_bcbc
_corigres
_d2
_encip
_f20
_gy-gencatlg
942 _2z
_cO_SHELF
999 _c4523
_d4523